Normal view
MARC view
- Forensics
Entry Topical Term
001 - CONTROL NUMBER
- control field: 6682
003 - CONTROL NUMBER IDENTIFIER
- control field: JO-AjAnu
005 - DATE AND TIME OF LATEST TRANSACTION
- control field: 20230606071401.0
008 - FIXED-LENGTH DATA ELEMENTS
- fixed length control field: 230606|| aca||aabn | a|a d
040 ## - CATALOGING SOURCE
- Original cataloging agency: JO-AjAnu
- Transcribing agency: JO-AjAnu
150 ## - HEADING--TOPICAL TERM
- Topical term or geographic name entry element: Forensics
670 ## - SOURCE DATA FOUND
- Source citation: Work cat.: (JO-AjAnu)3461: oettinger,william, author 6681, Learn computer Forensics: A beginners guide to searching, analyzing and securing digital evidence